Personnages principaux d'animés - Statistiques

Statistiques générales
  • Ce quiz a été pris 292 fois
    291 depuis la dernière actualisation
  • Le résultat moyen est 22 sur 36
Statistiques - réponses
Anime Rôle Réponse % Correct
Naruto Le ninja qui rêve de devenir Hokage. Naruto
99%
One piece Le pirate rêvant de devenir Roi des Pirates. Luffy
87%
Un génie assoiffé de vengeance. Sasuke
84%
Attaque des titans Un jeune homme déterminé à détruire les Titans. Eren
83%
Hunter X Hunter Un garçon optimiste et déterminé à retrouver son père. Gon
82%
Le sage maître de l’équipe 7. Kakashi
81%
Une kunoichi intelligente et persévérante. Sakura
81%
Navigatrice rusée et talentueuse. Nami
78%
Épéiste loyal cherchant à devenir le meilleur. Zoro
78%
Le frère tragique au passé sombre. Itachi
76%
Cuisinier et combattant expert en coups de pied. Sanji
75%
Une guerrière talentueuse, loyale envers Eren. Mikasa
74%
Rival explosif et talentueux. Bakugo
69%
Un stratège brillant avec un grand cœur. Armin
68%
Médecin et renne parlant. Chopper
67%
Le mentor et ancien symbole de paix. All Might
66%
Un assassin en fuite cherchant la liberté. Killua
66%
Le dernier survivant de son clan, en quête de vengeance. Kurapika
63%
Sniper courageux malgré ses peurs. Usopp
62%
Un combattant imprévisible et sadique. Hisoka
58%
Un leader réaliste et pragmatique. Erwin
54%
Blue lock En quête de l’instinct de buteur. Isagi
53%
My Hero Academia Le futur héros héritier de "One For All". Midoriya
53%
Héros marqué par un passé difficile. Shoto
52%
Héritière du trône, au passé difficile. Historia
51%
Un jinchuriki rédempté par l’amitié. Gaara
48%
Un soldat d’élite, redoutable et stoïque. Levi
46%
Optimiste manipulant la gravité. Ochaco
43%
Créatif et excentrique sur le terrain. Bachira
42%
Le prodige qui joue sans effort. Nagi
42%
Sérieux et rapide, modèle de discipline. Tenya
38%
Un perfectionniste froid et calculateur. Rin
35%
Le sprinteur rapide et résilient. Chigiri
34%
Un futur médecin avec un grand sens de la justice. Leorio
32%
Le chef charismatique et énigmatique de la Brigade Fantôme. Chrollo
31%
L’attaquant puissant et héroïque. Kunigami
26%
Aucun quiz correspondant
Distribution des résultats
% des personnes avec chaque résultat
Percentile par nombre de réponses
Votre historique - résultats
Vous n’avez pas pris ce quiz depuis la dernière actualisation